[Event "Villa Martelli Aniv ITT 56th"]
[Site "Villa Martelli"]
[Date "2010.08.12"]
[Round "9"]
[White "Szmetan, Ricardo"]
[Black "Menna Barreto, Felipe Kubiaki"]
[Result "1/2-1/2"]
[WhiteElo "2255"]
[BlackElo "2154"]
[PlyCount "37"]
[EventDate "2010.08.04"]
[EventType "tourn"]
[EventRounds "9"]
[EventCountry "ARG"]
[EventCategory "2"]
[SourceTitle "CBM 137 Extra"]
[Source "ChessBase"]
[SourceDate "2010.09.01"]
[SourceVersion "1"]
[SourceVersionDate "2010.09.01"]
[SourceQuality "1"]

1. d4 Nf6 2. c4 g6 3. Nc3 Bg7 4. e4 d6 5. h3 0-0 6. Nf3 c5 7. d5 e6 8. Bd3 exd5 9. exd5 Re8+ 10. Be3 Bh6 11. 0-0 Bxe3 12. fxe3 Kg7 13. Qd2 Nbd7 14. e4 a6 15. Rf2 Ng8 16. Raf1 f6 17. g4 Ne5 18. Nxe5 Rxe5 19. Rg2 1/2-1/2

[Event "Villa Martelli Aniv ITT 56th"]
[Site "Villa Martelli"]
[Date "2010.08.08"]
[Round "5"]
[White "Szmetan, Ricardo"]
[Black "Della Morte, German"]
[Result "1/2-1/2"]
[WhiteElo "2255"]
[BlackElo "2351"]
[PlyCount "106"]
[EventDate "2010.08.04"]
[EventType "tourn"]
[EventRounds "9"]
[EventCountry "ARG"]
[EventCategory "2"]
[SourceTitle "CBM 137 Extra"]
[Source "ChessBase"]
[SourceDate "2010.09.01"]
[SourceVersion "1"]
[SourceVersionDate "2010.09.01"]
[SourceQuality "1"]

1. d4 Nf6 2. Nf3 g6 3. c4 Bg7 4. e3 d6 5. Be2 0-0 6. 0-0 Nbd7 7. b3 e5 8. dxe5 Ng4 9. Bb2 Ngxe5 10. Nc3 a6 11. Qd2 Nxf3+ 12. Bxf3 Ne5 13. Be2 Be6 14. h3 Qd7 15. f4 Nc6 16. Nd5 Bxb2 17. Qxb2 Bxd5 18. cxd5 Ne7 19. e4 f5 20. Rae1 Rae8 21. Bf3 fxe4 22. Rxe4 Nf5 23. Rfe1 Qf7 24. Qc3 Rxe4 25. Rxe4 Re8 26. Kh2 Rxe4 27. Bxe4 Qg7 28. Qxg7+ Nxg7 29. g4 Ne8 30. Kg3 Nf6 31. Bf3 Kf7 32. g5 Ng8 33. Bg4 Ne7 34. Be6+ Kg7 35. b4 Nf5+ 36. Kf2 Nd4 37. Bc8 b6 38. a3 a5 39. bxa5 bxa5 40. a4 c5 41. dxc6 Nxc6 42. f5 gxf5 43. Bxf5 h6 44. gxh6+ Kxh6 45. Ke3 Kg5 46. Bg4 Ne5 47. Kd4 Nxg4 48. hxg4 Kxg4 49. Kd5 Kf5 50. Kxd6 Kf6 51. Kc7 Ke7 52. Kb6 Kd7 53. Kxa5 Kc7 1/2-1/2

[Event "Villa Martelli Aniv ITT 56th"]
[Site "Villa Martelli"]
[Date "2010.08.06"]
[Round "3"]
[White "Szmetan, Ricardo"]
[Black "Zuriel, Marisa"]
[Result "1-0"]
[WhiteElo "2255"]
[BlackElo "2205"]
[PlyCount "81"]
[EventDate "2010.08.04"]
[EventType "tourn"]
[EventRounds "9"]
[EventCountry "ARG"]
[EventCategory "2"]
[SourceTitle "CBM 137 Extra"]
[Source "ChessBase"]
[SourceDate "2010.09.01"]
[SourceVersion "1"]
[SourceVersionDate "2010.09.01"]
[SourceQuality "1"]

1. c4 e5 2. Nc3 Nc6 3. g3 d6 4. Bg2 Be6 5. d3 Qd7 6. e3 g6 7. h4 h6 8. Nge2 Bg7 9. Rb1 Nge7 10. Nd5 0-0 11. b4 f5 12. b5 Nd8 13. e4 c6 14. bxc6 bxc6 15. Nxe7+ Qxe7 16. h5 g5 17. exf5 Bxf5 18. Be3 Rc8 19. Nc3 Ne6 20. 0-0 Kh8 21. Re1 Qd7 22. Be4 Nd4 23. Bxf5 Qxf5 24. Kg2 Nf3 25. Rh1 Rf7 26. Ne4 Rd8 27. Nd2 Nxd2 28. Qxd2 Qf3+ 29. Kg1 d5 30. cxd5 Qxd5 31. Rc1 e4 32. d4 Rfd7 33. Qc2 Rd6 34. Kg2 Qf5 35. Rhd1 Qf3+ 36. Kg1 c5 37. Qxc5 Rd5 38. Qe7 R5d7 39. Qe6 Rd6 40. Qh3 g4 41. Qg2 1-0

[Event "Dos Hermanas Internet qual-E 10th"]
[Site "ICC INT"]
[Date "2009.03.15"]
[Round "6"]
[White "Benvenuti, Carlo"]
[Black "Szmetan, Ricardo"]
[Result "0-1"]
[WhiteElo "2174"]
[BlackElo "2274"]
[PlyCount "124"]
[EventDate "2009.03.15"]
[EventType "swiss (blitz)"]
[EventRounds "12"]
[EventCountry "ESP"]
[SourceTitle "CBM 129 Extra"]
[Source "ChessBase"]
[SourceDate "2009.05.05"]
[SourceVersion "2"]
[SourceVersionDate "2009.05.20"]
[SourceQuality "1"]

1. Nf3 Nf6 2. d3 d5 3. Bg5 Nbd7 4. c3 c6 5. Nbd2 e5 6. e4 Be7 7. Be2 0-0 8. 0-0 h6 9. Bh4 Nh5 10. Bg3 Nxg3 11. hxg3 a5 12. Qc2 Bc5 13. a3 a4 14. Rfe1 Re8 15. Rad1 Qb6 16. Rf1 Nf6 17. Nb1 dxe4 18. dxe4 Be6 19. Nbd2 Ng4 20. Nc4 Qa7 21. Nd6 Red8 22. Nf5 Nxf2 23. Kh2 Bxf5 24. exf5 Ng4+ 25. Kh3 Ne3 26. Rxd8+ Rxd8 27. Qe4 Nxf1 28. Bxf1 Qb8 29. Qxa4 Qc8 30. Qg4 Re8 31. Nd2 e4 32. Nxe4 Re5 33. Nf6+ Kh8 34. Nh5 Bf8 35. f6 Qxg4+ 36. Kxg4 gxf6 37. Nf4 Rg5+ 38. Kf3 Bd6 39. Bc4 Kg8 40. b4 h5 41. a4 f5 42. a5 Rg4 43. Bd3 h4 44. Bxf5 Rxg3+ 45. Ke4 Bxf4 46. Kxf4 Rxc3 47. Bc8 Rc4+ 48. Kg5 Rxb4 49. a6 bxa6 50. Bxa6 c5 51. Bd3 c4 52. Bc2 c3 53. Bf5 Rb2 54. Kxh4 c2 55. Bxc2 Rxc2 56. g3 Kg7 57. Kg4 Kg6 58. Kf4 Rc5 59. Kf3 f5 60. Kg2 Kg5 61. Kh3 Rc3 62. Kh2 Kg4 0-1

[Event "Dos Hermanas Internet qual-E 10th"]
[Site "ICC INT"]
[Date "2009.03.15"]
[Round "12"]
[White "Gabrielian, Artur"]
[Black "Szmetan, Ricardo"]
[Result "1/2-1/2"]
[WhiteElo "2472"]
[BlackElo "2274"]
[PlyCount "124"]
[EventDate "2009.03.15"]
[EventType "swiss (blitz)"]
[EventRounds "12"]
[EventCountry "ESP"]
[SourceTitle "CBM 129 Extra"]
[Source "ChessBase"]
[SourceDate "2009.05.05"]
[SourceVersion "2"]
[SourceVersionDate "2009.05.20"]
[SourceQuality "1"]

1. e4 Nf6 2. e5 Nd5 3. d4 d6 4. Nf3 Bg4 5. Be2 c6 6. 0-0 Bxf3 7. Bxf3 dxe5 8. dxe5 e6 9. Nd2 Nd7 10. Re1 N5b6 11. Qe2 Qc7 12. a4 a5 13. Nb3 Bb4 14. c3 Be7 15. Bf4 h6 16. h3 Nc5 17. Nxc5 Bxc5 18. b3 Nd5 19. Bd2 Qb6 20. Rab1 0-0 21. Rf1 Qc7 22. Qe4 Rad8 23. Rbd1 Ne7 24. b4 Bb6 25. Rfe1 Rd7 26. c4 Rfd8 27. Bc3 Rxd1 28. Rxd1 Rxd1+ 29. Bxd1 axb4 30. Bxb4 Ng6 31. Bd6 Qd8 32. c5 Ba5 33. Bc2 Qh4 34. Qxh4 Nxh4 35. f4 g6 36. Kf2 Nf5 37. Bxf5 exf5 38. g4 fxg4 39. hxg4 Bd2 40. Kf3 h5 41. gxh5 gxh5 42. f5 Bg5 43. Kg3 Kg7 44. Kf3 Kg8 45. Kg3 Kg7 46. Kh3 Kg8 47. Kg3 Kg7 48. Kg2 Kg8 49. Kg3 Kg7 50. Kg2 Kg8 51. Kg3 Kg7 52. Kf3 Kg8 53. Ke4 Kg7 54. Kf3 Kg8 55. a5 Kg7 56. Ke4 Kg8 57. Kf3 Kg7 58. Ke4 Kg8 59. Kf3 Kg7 60. Ke4 Kg8 61. Kf3 Kg7 62. Ke4 Kg8 1/2-1/2

[Event "Dos Hermanas Internet qual-E 10th"]
[Site "ICC INT"]
[Date "2009.03.15"]
[Round "4"]
[White "Sharma, Dinesh Kumar"]
[Black "Szmetan, Ricardo"]
[Result "0-1"]
[WhiteElo "2394"]
[BlackElo "2274"]
[PlyCount "132"]
[EventDate "2009.03.15"]
[EventType "swiss (blitz)"]
[EventRounds "12"]
[EventCountry "ESP"]
[SourceTitle "CBM 129 Extra"]
[Source "ChessBase"]
[SourceDate "2009.05.05"]
[SourceVersion "2"]
[SourceVersionDate "2009.05.20"]
[SourceQuality "1"]

1. e4 Nf6 2. e5 Nd5 3. d4 d6 4. Nf3 Bg4 5. Be2 c6 6. 0-0 Bxf3 7. Bxf3 dxe5 8. dxe5 e6 9. Qe2 Nd7 10. c4 Ne7 11. Bf4 h6 12. h3 g5 13. Bh2 Qc7 14. Nc3 Ng6 15. Rad1 Bg7 16. Bh5 Bxe5 17. Bxe5 Ndxe5 18. Qe4 0-0 19. Rde1 Nf4 20. Bd1 Ned3 21. Re3 Nc5 22. Qf3 Rad8 23. h4 Rd4 24. Bc2 e5 25. hxg5 hxg5 26. Qg4 f6 27. Qf5 Qd7 28. b4 Qxf5 29. Bxf5 Na6 30. a3 Kg7 31. Ne4 Rxc4 32. g3 Nd5 33. Rd3 Rd4 34. Rxd4 exd4 35. Rd1 Ne7 36. Be6 Rd8 37. g4 Ng6 38. Ng3 Nf4 39. Bc4 d3 40. Bxa6 bxa6 41. f3 Ne2+ 42. Nxe2 dxe2 43. Re1 Rd3 44. Kf2 Rxa3 45. Rxe2 a5 46. Re7+ Kg6 47. bxa5 Rxa5 48. Rc7 c5 49. Kg3 a6 50. Rc6 Kf7 51. f4 Ra3+ 52. Kf2 gxf4 53. Rxc5 a5 54. Rf5 f3 55. g5 Kg6 56. Rxf6+ Kxg5 57. Rb6 Kf4 58. Rf6+ Ke4 59. Re6+ Kf5 60. Ra6 Ke4 61. Re6+ Kd5 62. Rf6 a4 63. Ra6 Kc5 64. Ra8 Kb5 65. Rb8+ Kc4 66. Ra8 Kb3 0-1

[Event "Dos Hermanas Internet qual-E 10th"]
[Site "ICC INT"]
[Date "2009.03.15"]
[Round "5"]
[White "Szmetan, Ricardo"]
[Black "Freeke, Matthieu"]
[Result "0-1"]
[WhiteElo "2274"]
[BlackElo "2304"]
[PlyCount "102"]
[EventDate "2009.03.15"]
[EventType "swiss (blitz)"]
[EventRounds "12"]
[EventCountry "ESP"]
[SourceTitle "CBM 129 Extra"]
[Source "ChessBase"]
[SourceDate "2009.05.05"]
[SourceVersion "2"]
[SourceVersionDate "2009.05.20"]
[SourceQuality "1"]

1. Nf3 d5 2. c4 e6 3. g3 Nf6 4. b3 Be7 5. Bg2 0-0 6. 0-0 c5 7. e3 Nc6 8. Qe2 b6 9. Bb2 Bb7 10. Rd1 Qc7 11. Nc3 dxc4 12. bxc4 a6 13. Rab1 Rad8 14. Ba1 Nd7 15. d3 Bf6 16. Nd2 Rb8 17. Nde4 Be7 18. f4 Rfc8 19. g4 Ba8 20. g5 Nf8 21. h4 Na7 22. h5 b5 23. cxb5 axb5 24. h6 g6 25. Nf6+ Bxf6 26. gxf6 b4 27. Ne4 Nb5 28. Be5 Qa7 29. Bxb8 Qxb8 30. Rdc1 Qa7 31. Kh2 Bxe4 32. Bxe4 Nc3 33. Rxc3 bxc3 34. Qc2 Nd7 35. Qxc3 Qxa2+ 36. Rb2 Qa7 37. Rb7 Qa2+ 38. Kg3 Nf8 39. d4 Qa6 40. d5 Qxb7 41. Qc4 exd5 42. Bxd5 Qd7 43. e4 Ne6 44. e5 Rd8 45. Bf3 Qd4 46. Qc1 c4 47. Be2 c3 48. Bg4 Qxf4+ 49. Qxf4 Nxf4 50. Kxf4 c2 51. e6 c1Q+ 0-1

[Event "Dos Hermanas Internet qual-E 10th"]
[Site "ICC INT"]
[Date "2009.03.15"]
[Round "8"]
[White "Szmetan, Ricardo"]
[Black "Grigoryan, Avetik"]
[Result "0-1"]
[WhiteElo "2274"]
[BlackElo "2506"]
[PlyCount "62"]
[EventDate "2009.03.15"]
[EventType "swiss (blitz)"]
[EventRounds "12"]
[EventCountry "ESP"]
[SourceTitle "CBM 129 Extra"]
[Source "ChessBase"]
[SourceDate "2009.05.05"]
[SourceVersion "2"]
[SourceVersionDate "2009.05.20"]
[SourceQuality "1"]

1. Nf3 Nf6 2. c4 g6 3. g3 Bg7 4. Bg2 0-0 5. 0-0 c5 6. Nc3 d5 7. cxd5 Nxd5 8. Nxd5 Qxd5 9. d3 Nc6 10. a3 Qd6 11. Rb1 a5 12. Nd2 Be6 13. Ne4 Qe5 14. Be3 Nd4 15. Rc1 b6 16. Re1 a4 17. Bxd4 Qxd4 18. Nc3 Bb3 19. Qd2 Rad8 20. h4 e6 21. Bc6 Qd6 22. Bg2 h5 23. Bf1 Qe5 24. e3 Rd7 25. Qe2 Rfd8 26. Qf3 Qb8 27. Qc6 Rd6 28. Qb5 Bxc3 29. Rxc3 Qb7 30. Bg2 Qd7 31. Bf1 Qxb5 0-1

[Event "Dos Hermanas Internet qual-C 10th"]
[Site "ICC INT"]
[Date "2009.03.14"]
[Round "12"]
[White "Ubiennykh, Ekaterina"]
[Black "Szmetan, Ricardo"]
[Result "0-1"]
[WhiteElo "2285"]
[BlackElo "2274"]
[PlyCount "144"]
[EventDate "2009.03.14"]
[EventType "swiss (blitz)"]
[EventRounds "12"]
[EventCountry "ESP"]
[SourceTitle "CBM 129 Extra"]
[Source "ChessBase"]
[SourceDate "2009.05.05"]
[SourceVersion "2"]
[SourceVersionDate "2009.05.20"]
[SourceQuality "1"]

1. d4 Nf6 2. c4 c5 3. Nf3 cxd4 4. Nxd4 e6 5. Nc3 Bb4 6. Bd2 Nc6 7. Nc2 Bc5 8. e4 d5 9. cxd5 exd5 10. exd5 Nxd5 11. Nxd5 Qxd5 12. Bc3 Qf5 13. Ne3 Bxe3 14. fxe3 0-0 15. Qf3 Re8 16. Qxf5 Bxf5 17. Kf2 Ne5 18. Be2 Ng4+ 19. Bxg4 Bxg4 20. h3 Bf5 21. Bd4 a6 22. Rac1 Rac8 23. Rc3 Rxc3 24. Bxc3 Rd8 25. Bd4 Rc8 26. Bc3 Be6 27. a3 f6 28. Rd1 Kf7 29. Rd6 Rc5 30. Rb6 Bd5 31. Rb4 Bc6 32. Rd4 h5 33. Rd8 Rf5+ 34. Kg1 Rg5 35. Rd2 h4 36. Bd4 Ke6 37. Rf2 Rg3 38. Kf1 f5 39. Rc2 g5 40. Rf2 Bb5+ 41. Kg1 Bc6 42. Kf1 Be4 43. Rd2 g4 44. hxg4 fxg4 45. Bb6 h3 46. gxh3 gxh3 47. Rh2 Bg2+ 48. Kf2 Rf3+ 49. Ke2 Rf5 50. e4 Rb5 51. Bd4 Kf7 52. Bc3 Kg6 53. e5 Kf5 54. Kf2 Kg4 55. Rxg2+ hxg2 56. Kxg2 Kf4 57. Kf2 Ke4 58. Ke2 Rb6 59. Kd2 Rg6 60. Kc2 Rg2+ 61. Kb3 Kd5 62. Kb4 b6 63. Ka4 Kc6 64. b4 b5+ 65. Kb3 Kd5 66. a4 Rg3 67. axb5 axb5 68. Kb2 Kc4 69. Be1 Re3 70. Bh4 Rxe5 71. Bg3 Re3 72. Kb1 Rxg3 0-1

[Event "Dos Hermanas Internet qual-C 10th"]
[Site "ICC INT"]
[Date "2009.03.14"]
[Round "4"]
[White "Vasta, Eduardo"]
[Black "Szmetan, Ricardo"]
[Result "1-0"]
[WhiteElo "2353"]
[BlackElo "2274"]
[PlyCount "39"]
[EventDate "2009.03.14"]
[EventType "swiss (blitz)"]
[EventRounds "12"]
[EventCountry "ESP"]
[SourceTitle "CBM 129 Extra"]
[Source "ChessBase"]
[SourceDate "2009.05.05"]
[SourceVersion "2"]
[SourceVersionDate "2009.05.20"]
[SourceQuality "1"]

1. e4 Nf6 2. e5 Nd5 3. Nc3 Nxc3 4. bxc3 d6 5. f4 c5 6. Nf3 Nc6 7. d4 dxe5 8. fxe5 Bg4 9. d5 Bxf3 10. Qxf3 Nxe5 11. Bb5+ Nd7 12. 0-0 f6 13. Bf4 a6 14. Bd3 g6 15. Qg4 Bg7 16. d6 0-0 17. Qe6+ Rf7 18. Bc4 Qf8 19. dxe7 Qxe7 20. Qxe7 1-0

[Event "Dos Hermanas Internet qual-A 10th"]
[Site "ICC INT"]
[Date "2009.03.13"]
[Round "6"]
[White "Abdalla, Luiz Guilherme"]
[Black "Szmetan, Ricardo"]
[Result "1-0"]
[WhiteElo "2085"]
[BlackElo "2274"]
[PlyCount "91"]
[EventDate "2009.03.13"]
[EventType "swiss (blitz)"]
[EventRounds "12"]
[EventCountry "ESP"]
[SourceTitle "CBM 129 Extra"]
[Source "ChessBase"]
[SourceDate "2009.05.05"]
[SourceVersion "2"]
[SourceVersionDate "2009.05.20"]
[SourceQuality "1"]

1. d4 Nf6 2. c4 c5 3. d5 e5 4. Nc3 d6 5. e4 g6 6. Nf3 Bg7 7. Be2 0-0 8. 0-0 Nh5 9. Bg5 f6 10. Be3 a6 11. Qd2 Bh8 12. Ne1 Ng7 13. Nc2 f5 14. Bg5 Qe8 15. f3 Nd7 16. exf5 gxf5 17. Rae1 Qg6 18. Bd3 Nf6 19. Na4 b5 20. cxb5 axb5 21. Bxb5 Rb8 22. Nc3 Ngh5 23. a4 e4 24. Bh6 Rf7 25. Qg5 Bb7 26. Bc4 Re8 27. Qxg6+ hxg6 28. a5 Nd7 29. Nb5 Be5 30. f4 Bd4+ 31. Ncxd4 cxd4 32. Nxd6 Rb8 33. Nxf7 Kxf7 34. d6+ Kf6 35. b3 Bc6 36. Bg5+ Kg7 37. a6 Nb6 38. Ra1 Ra8 39. a7 d3 40. Ra6 Nxc4 41. bxc4 Bd7 42. c5 e3 43. Ra2 Bb5 44. Rb1 d2 45. d7 Bxd7 46. c6 1-0

[Event "Dos Hermanas Internet qual-A 10th"]
[Site "ICC INT"]
[Date "2009.03.13"]
[Round "4"]
[White "Kononenko, Dmitry"]
[Black "Szmetan, Ricardo"]
[Result "1-0"]
[WhiteElo "2574"]
[BlackElo "2274"]
[PlyCount "45"]
[EventDate "2009.03.13"]
[EventType "swiss (blitz)"]
[EventRounds "12"]
[EventCountry "ESP"]
[SourceTitle "CBM 129 Extra"]
[Source "ChessBase"]
[SourceDate "2009.05.05"]
[SourceVersion "2"]
[SourceVersionDate "2009.05.20"]
[SourceQuality "1"]

1. e4 Nf6 2. e5 Nd5 3. d4 d6 4. Nf3 Bg4 5. Be2 c6 6. Ng5 Bxe2 7. Qxe2 dxe5 8. dxe5 e6 9. Qh5 g6 10. Qe2 Nd7 11. 0-0 Qc7 12. c4 Ne7 13. Re1 h6 14. Nf3 g5 15. Nc3 Ng6 16. Ne4 Ngxe5 17. Nxe5 Qxe5 18. Bd2 Qc7 19. Bc3 Rg8 20. Qh5 Rg6 21. Qf3 f5 22. Qxf5 exf5 23. Nd6+ 1-0

[Event "Dos Hermanas Internet qual-A 10th"]
[Site "ICC INT"]
[Date "2009.03.13"]
[Round "8"]
[White "Praveen Kumar, Chandrasekar"]
[Black "Szmetan, Ricardo"]
[Result "1-0"]
[WhiteElo "2360"]
[BlackElo "2274"]
[PlyCount "59"]
[EventDate "2009.03.13"]
[EventType "swiss (blitz)"]
[EventRounds "12"]
[EventCountry "ESP"]
[SourceTitle "CBM 129 Extra"]
[Source "ChessBase"]
[SourceDate "2009.05.05"]
[SourceVersion "2"]
[SourceVersionDate "2009.05.20"]
[SourceQuality "1"]

1. d4 Nf6 2. c4 c5 3. d5 e5 4. Nc3 d6 5. e4 g6 6. Bd3 Bg7 7. Nge2 Nh5 8. f3 f5 9. exf5 gxf5 10. Be3 0-0 11. Qd2 e4 12. fxe4 f4 13. Nxf4 Qh4+ 14. g3 Nxg3 15. Qf2 Kh8 16. Qxg3 Qf6 17. 0-0 Qe5 18. Ne6 Rxf1+ 19. Rxf1 Bxe6 20. Qxe5 Bxe5 21. dxe6 Nc6 22. Nd5 Re8 23. Bh6 Bg7 24. Bxg7+ Kxg7 25. Rf7+ Kh6 26. e7 Ne5 27. Rf8 Rxe7 28. Nxe7 Nxd3 29. Nf5+ Kg6 30. b3 1-0

[Event "Carlos Torre Memorial op 19th"]
[Site "Merida"]
[Date "2006.12.17"]
[Round "6"]
[White "Zapata, Alonso"]
[Black "Szmetan, Ricardo"]
[Result "1-0"]
[WhiteElo "2470"]
[BlackElo "2302"]
[PlyCount "57"]
[EventDate "2006.12.14"]
[EventType "swiss"]
[EventRounds "9"]
[EventCountry "MEX"]
[SourceTitle "CBM 115 Extra"]
[Source "ChessBase"]
[SourceDate "2007.01.10"]
[SourceVersion "1"]
[SourceVersionDate "2007.01.10"]
[SourceQuality "1"]

1. e4 c6 2. d4 d5 3. Nc3 dxe4 4. Nxe4 Nf6 5. Nxf6+ exf6 6. c3 Bd6 7. Bd3 0-0 8. Ne2 Re8 9. 0-0 Nd7 10. Ng3 Nf8 11. f4 g6 12. f5 Bxg3 13. hxg3 Bxf5 14. Bxf5 gxf5 15. Rxf5 Ng6 16. Bh6 Re6 17. Qf3 Qd6 18. Rf1 Rae8 19. Rxf6 Rxf6 20. Qxf6 Qxf6 21. Rxf6 Nf8 22. Rd6 a5 23. d5 cxd5 24. Rxd5 b6 25. Kf2 Re6 26. Be3 Kg7 27. g4 Rc6 28. Bd4+ Kg6 29. Rd8 1-0

[Event "Carlos Torre Memorial op 19th"]
[Site "Merida"]
[Date "2006.12.15"]
[Round "2"]
[White "Szmetan, Ricardo"]
[Black "Quesada Perez, Yuniesky"]
[Result "0-1"]
[WhiteElo "2302"]
[BlackElo "2515"]
[PlyCount "53"]
[EventDate "2006.12.14"]
[EventType "swiss"]
[EventRounds "9"]
[EventCountry "MEX"]
[SourceTitle "CBM 115 Extra"]
[Source "ChessBase"]
[SourceDate "2007.01.10"]
[SourceVersion "1"]
[SourceVersionDate "2007.01.10"]
[SourceQuality "1"]

1. d4 Nf6 2. Nf3 e6 3. c4 b6 4. a3 Bb7 5. Nc3 d5 6. cxd5 Nxd5 7. Bd2 Nd7 8. Qc2 N5f6 9. Rd1 c5 10. Bg5 cxd4 11. Nxd4 a6 12. e4 Qc7 13. f3 Bd6 14. Bxf6 Nxf6 15. g3 0-0 16. Bg2 Rfd8 17. Nce2 Qxc2 18. Nxc2 Rac8 19. Ncd4 Rd7 20. b4 Rcd8 21. Rc1 a5 22. bxa5 Bxa3 23. Rb1 bxa5 24. Nc2 Bc5 25. Nc3 Bc6 26. e5 Ng4 27. Rd1 0-1

[Event "Balaguer op 10th"]
[Site "Balaguer"]
[Date "2005.07.25"]
[Round "8"]
[White "Szmetan, Ricardo"]
[Black "Vallverdu Miret, Oscar"]
[Result "1-0"]
[WhiteElo "2328"]
[BlackElo "2013"]
[PlyCount "71"]
[EventDate "2005.07.18"]
[EventType "swiss"]
[EventRounds "9"]
[EventCountry "ESP"]
[SourceTitle "CBM 107 Extra"]
[Source "ChessBase"]
[SourceDate "2005.09.01"]
[SourceVersion "1"]
[SourceVersionDate "2005.09.01"]
[SourceQuality "1"]

1. d4 d5 2. Nf3 Nf6 3. c4 e6 4. Nc3 c6 5. e3 Bd6 6. Bd3 Nbd7 7. 0-0 0-0 8. e4 dxe4 9. Nxe4 Nxe4 10. Bxe4 Nf6 11. Bc2 b6 12. Bg5 Bb7 13. Qd3 g6 14. Rad1 Be7 15. Ne5 Nd7 16. Bxe7 Qxe7 17. f4 Rad8 18. Nf3 Nf6 19. Qe3 Rfe8 20. Rfe1 Qc7 21. Qe5 Qxe5 22. fxe5 Nh5 23. Ng5 c5 24. dxc5 bxc5 25. Be4 Ba6 26. Bc6 Rxd1 27. Rxd1 Rc8 28. Bb5 Bxb5 29. cxb5 Rc7 30. g3 h6 31. Ne4 Kf8 32. a4 Ke7 33. a5 Rb7 34. Nd6 Rb8 35. Rc1 Nf6 36. Rxc5 1-0

[Event "Balaguer op 10th"]
[Site "Balaguer"]
[Date "2005.07.22"]
[Round "5"]
[White "Szmetan, Ricardo"]
[Black "Zambrana, Oswaldo"]
[Result "0-1"]
[WhiteElo "2328"]
[BlackElo "2421"]
[PlyCount "104"]
[EventDate "2005.07.18"]
[EventType "swiss"]
[EventRounds "9"]
[EventCountry "ESP"]
[SourceTitle "CBM 107 Extra"]
[Source "ChessBase"]
[SourceDate "2005.09.01"]
[SourceVersion "1"]
[SourceVersionDate "2005.09.01"]
[SourceQuality "1"]

1. Nf3 Nf6 2. c4 d6 3. g3 g6 4. Bg2 Bg7 5. 0-0 0-0 6. d4 Nbd7 7. b3 a5 8. Nc3 Re8 9. Bb2 c6 10. d5 cxd5 11. cxd5 Nb6 12. Nd4 a4 13. Nxa4 Nxa4 14. bxa4 Nd7 15. Bc3 Nc5 16. a5 Bf5 17. Rc1 Be4 18. Bb4 Nd3 19. exd3 Bxg2 20. Kxg2 Bxd4 21. Rc4 Bf6 22. Qb3 b6 23. axb6 Qxb6 24. a3 Qb5 25. Rc7 Ra5 26. Rd1 Qxd5+ 27. Qxd5 Rxd5 28. Kf3 Ra8 29. Ke2 Ra4 30. Rd2 Kf8 31. f4 Bd4 32. Rdc2 Bb6 33. Rc8+ Kg7 34. Bc3+ f6 35. Bb2 Bd4 36. R2c4 Rxc4 37. dxc4 Rc5 38. Rxc5 Bxc5 39. a4 Kf7 40. Kd3 f5 41. a5 Ke8 42. Bd4 Kd7 43. Bg7 Kc6 44. Ke2 Bb4 45. a6 Kb6 46. Kf3 Kxa6 47. Kg2 Kb6 48. Bd4+ Bc5 49. Bc3 Kc6 50. Kh3 Bg1 51. Kg2 Bb6 52. h3 Kc5 0-1

[Event "Balaguer op 10th"]
[Site "Balaguer"]
[Date "2005.07.20"]
[Round "3"]
[White "Szmetan, Ricardo"]
[Black "Ferrer Dalmau, Josep Antonio"]
[Result "1-0"]
[WhiteElo "2328"]
[BlackElo "1922"]
[PlyCount "43"]
[EventDate "2005.07.18"]
[EventType "swiss"]
[EventRounds "9"]
[EventCountry "ESP"]
[SourceTitle "CBM 107 Extra"]
[Source "ChessBase"]
[SourceDate "2005.09.01"]
[SourceVersion "1"]
[SourceVersionDate "2005.09.01"]
[SourceQuality "1"]

1. d4 Nf6 2. c4 e6 3. Nf3 b6 4. a3 Bb7 5. Nc3 Be7 6. d5 exd5 7. cxd5 0-0 8. e4 Re8 9. Bd3 Nxd5 10. exd5 Bxa3+ 11. Kf1 Be7 12. h4 h6 13. Bb1 d6 14. Qc2 Bf6 15. Be3 Nd7 16. Qh7+ Kf8 17. Nd4 Bxd4 18. Bxd4 Nf6 19. Qh8+ Ke7 20. Qxg7 Nd7 21. Bg6 Bxd5 22. Nxd5+ 1-0

[Event "Salou op 07th"]
[Site "Salou"]
[Date "2005.05.28"]
[Round "9"]
[White "Fernandez Alonso, Miquel A"]
[Black "Szmetan, Ricardo"]
[Result "0-1"]
[WhiteElo "2147"]
[BlackElo "2347"]
[PlyCount "114"]
[EventDate "2005.05.20"]
[EventType "swiss"]
[EventRounds "9"]
[EventCountry "ESP"]
[SourceTitle "CBM 106 Extra"]
[Source "ChessBase"]
[SourceDate "2005.07.01"]
[SourceVersion "1"]
[SourceVersionDate "2005.07.01"]
[SourceQuality "1"]

1. d4 g6 2. Nf3 Bg7 3. g3 d6 4. Bg2 Nd7 5. 0-0 e5 6. dxe5 dxe5 7. c3 Ne7 8. Bg5 h6 9. Bd2 0-0 10. Qc2 Nf5 11. Na3 Qe7 12. e4 Nd6 13. Be3 b6 14. Rad1 Bb7 15. Nd2 f5 16. f3 f4 17. Bf2 Kh7 18. Rfe1 a5 19. c4 Nf7 20. Nb5 c6 21. Nc3 Ng5 22. g4 Ne6 23. Ne2 h5 24. h3 Bf6 25. Nf1 Rf7 26. Rd2 Bh4 27. Bxh4 Qxh4 28. Red1 Ndc5 29. Rd6 Ng5 30. Nc3 Nxh3+ 31. Bxh3 Qxh3 32. Qg2 Qxg2+ 33. Kxg2 hxg4 34. fxg4 b5 35. cxb5 cxb5 36. Nd2 b4 37. Nd5 Kg7 38. Rh1 Rd7 39. Rxd7+ Nxd7 40. Rc1 Bxd5 41. exd5 Nf6 42. g5 Nxd5 43. Rc5 Rd8 44. Ne4 a4 45. Kf3 Rd7 46. Ra5 a3 47. bxa3 bxa3 48. Rxa3 Nb4 49. Ra5 Nc6 50. Rc5 Rd3+ 51. Kf2 Re3 52. Nf6 Nd4 53. Rc8 Kf7 54. Ng4 Re2+ 55. Kf1 f3 56. a4 Nf5 57. Rc6 Ng3+ 0-1

[Event "Seville op 30th"]
[Site "Seville"]
[Date "2005.01.13"]
[Round "7"]
[White "Rizouk, Aimen"]
[Black "Szmetan, Ricardo"]
[Result "1/2-1/2"]
[WhiteElo "2465"]
[BlackElo "2283"]
[PlyCount "61"]
[EventDate "2005.01.07"]
[EventType "swiss"]
[EventRounds "9"]
[EventCountry "ESP"]
[SourceTitle "CBM 104 Extra"]
[Source "ChessBase"]
[SourceDate "2005.03.01"]
[SourceVersion "1"]
[SourceVersionDate "2005.03.01"]
[SourceQuality "1"]

1. e4 c6 2. c4 e5 3. Nf3 d6 4. d4 Nd7 5. Nc3 Ngf6 6. g3 Be7 7. Bg2 0-0 8. 0-0 Re8 9. h3 Bf8 10. Rb1 a6 11. b4 exd4 12. Nxd4 Ne5 13. Qe2 c5 14. bxc5 dxc5 15. Nc2 Be6 16. Nd5 b5 17. Bf4 Bxd5 18. cxd5 Ng6 19. Bg5 Qxd5 20. Bxf6 gxf6 21. Ne3 Qe6 22. f4 Ne7 23. f5 Qb6 24. e5 Rad8 25. Nc4 Qc7 26. Qg4+ Kh8 27. Nd6 Rxd6 28. exd6 Qxd6 29. Rbd1 Qc7 30. Qh5 Ng8 31. Qf3 1/2-1/2